Využití fotoaktivace při přípravě radiofarmak 1. Lidský imunoglobulin značený technecium (99mTc)

Bibliographic Details
Main Authors: Komárek, Pavel, 1944-2019 (Author), Kleisner, I. (Author), Konopková, M. (Author), Komárková, Ivana (Author)
Format: Article
Language:Slovak
Czech
PhysicalDescription:Obr. 7, tab. 7, res. angl., čes., lit. 7 zázn.
ISSN:1210-7816
Subjects:

MARC

LEADER 00000nab a2200000 a 4500
001 vtls000638703
003 SK-MaSNL
005 20260304182012.0
008 250425c1997 xo 0 slo
015 |a SNBRB19rr/mm-uuuuu 
035 |a CL0638842 
035 |a urn:nbn:sk:snk-abaj5z 
035 |a (urnnbn)urn:nbn:sk:snk:ar-007x3h 
035 |a (uuid)e25bb73a-2c04-4be6-b8a1-e63d7d7fc448 
040 |a SNKBUCL  |b slo  |c SNKBUCL  |e AACR2 
041 0 |a cze 
044 |a xo  |c SK 
080 |a 615.014.2  |2 1981 
245 0 0 |a Využití fotoaktivace při přípravě radiofarmak  |b 1. Lidský imunoglobulin značený technecium (99mTc)  |c Pavel Komárek ... [et al.] 
300 |b Obr. 7, tab. 7, res. angl., čes., lit. 7 zázn. 
650 0 7 |a rádiofarmaká  |2 snkbucl  |9 16637 
650 0 7 |a fotoaktivácia  |2 snkbucl  |9 1512663 
655 7 |a články z novín a časopisov  |2 snkbucl  |9 267496 
700 1 |a Komárek, Pavel,  |d 1944-2019  |4 aut  |9 230119 
700 1 |a Kleisner, I.  |4 aut  |9 996942 
700 1 |a Konopková, M.  |4 aut  |9 1119798 
700 1 |a Komárková, Ivana  |4 aut  |9 7666 
773 0 |t Česká a slovenská farmacie  |g Roč. 46, č. 3 (1997), s. 122-127  |x 1210-7816 
850 |a Slovenská národná knižnica 
852 |a Slovenská národná knižnica 
954 |a odborná, vedecká literatúra cudzojazyčná (svetová)  |2 lita 
958 |a article14 
958 |a OND 
958 |a NB 
958 |a MI 
958 |a RK 
958 |a EUIPO 
999 |c 3026965  |d 3028895